000 00384nam a2200145Ia 4500
008 100204s9999 xx 000 0 und d
082 _b7233
100 _aदिघे प्रभाकर
245 _aधूर
260 _b"दिलिपराज प्रकाशन, पुणे"
300 _a96
630 _aधूर
730 _aधूर
942 _cBOOK
999 _c451670
_d451667